000 00920cam a2200289 i 4500
999 _c17725
_d17725
001 1809920
003 BDDh-ASL
005 20231015025630.0
008 800102s1980 cau b 000 0 eng
010 _a 79029729
020 _a0933782063 :
_c$8.95
020 _a0933782055 (pbk.) :
_c$3095
020 _z0933782058 (pbk.) :
_c$3.95
040 _aDLC
_cDLC
_dBDDh-ASL
041 1 _aengper
050 0 0 _aBP163
_b.S516
082 0 0 _a297.2
_219
_bSHM
100 _aSHARI'ATI, ALI
_9604
245 1 0 _aMarxism and other Western fallacies :
_ban Islamic critique /
_cAli Shari'ati ; translated by R. Campbell.
260 _aBerkeley :
_bMizan Press,
_cc1980.
300 _a122 p. ;
_c21 cm.
440 0 _aContemporary Islamic thought : persian series
504 _aIncludes bibliographical references.
650 0 _aIslam
_y20th century.
906 _a7
_bcbc
_corignew
_d1
_eocip
_f19
_gy-gencatlg
942 _2ddc
_cBK